Bariéry realizácie marketingového auditu

Vzťah marketingového auditu k ostatným typom auditu. Opodstatnenosť a prínosy marketingového auditu. Najdôležitejšie bariéry výkonu marketingového auditu v organizáciách. Vybrané marketingové systémy a ich funkcie v procese udržiavania adaptability organizácie. Metodika tvorby štandardov výkonu orga...

Descrizione completa

Salvato in:
Dettagli Bibliografici
Autore principale: Rózsa, Zoltán
Natura: Capitolo di libro
Lingua:slovacco
Soggetti:
Tags: Aggiungi Tag
Nessun Tag, puoi essere il primo ad aggiungerne!!

MARC

LEADER 00000naa$a2200000$$$4500
001 0066160
005 20220718123848.7
041 0 |a slo 
044 |a SK 
245 1 0 |a Bariéry realizácie marketingového auditu  |c Zoltán Rózsa 
520 |a Vzťah marketingového auditu k ostatným typom auditu. Opodstatnenosť a prínosy marketingového auditu. Najdôležitejšie bariéry výkonu marketingového auditu v organizáciách. Vybrané marketingové systémy a ich funkcie v procese udržiavania adaptability organizácie. Metodika tvorby štandardov výkonu organizácie. 
610 2 0 |a marketing 
610 2 0 |a audit 
100 1 |a Rózsa, Zoltán